Most Common Surnames from CHN, UK, BRZ, ITA, JPN, IND, IRL, NED, RUS - Statistics

General Stats
  • This quiz has been taken 50 times
  • The average score is 9 of 50
Answer Stats
Rank Surname % Correct
1 Smith
83%
5 Chen
48%
2 Li
45%
2 Jones
43%
4 Brown
40%
1 Rossi
40%
1 Wang
40%
1 da Silva
35%
2 dos Santos
33%
2 Singh
33%
1 Murphy
30%
5 Williams
30%
1 de Jong
28%
1 Hernandez
25%
4 Lopez
25%
3 Taylor
25%
1 Ivanov
23%
3 Ferrari
20%
2 Garcia
20%
3 Martinez
20%
2 Kelly
15%
4 Liu
15%
3 Pereira
15%
3 Petrov
15%
5 Gonzalez
13%
5 Janssen
13%
4 Esposito
10%
5 Ferreira
10%
5 Kaur
10%
2 Kuznetsov
10%
2 Russo
10%
5 Colombo
8%
3 de Vries
8%
2 Jansen
8%
3 Kumar
8%
5 Ryan
8%
4 Smirnov
8%
2 Suzuki
8%
3 Zhang
8%
4 Bakker
5%
3 Byrne
5%
1 Devi
5%
1 Sato
5%
4 Walsh
5%
4 Alves
3%
4 Das
3%
5 Magomedov
3%
3 Tanaka
3%
4 Watanabe
3%
5 Takahashi
0%
No matching quizzes found
Score Distribution
Percent of People with Each Score
Percentile by Number Answered
Your Score History
You have not taken this quiz